00741nam a2200241 i 4500001001000000003000900010005001700019007000300036008004100039040003000080041000800110082002400118100005600142245004300198264004000241300004400281336002700325337003300352338002800385490003500413650002400448650002700472000028608DO-SdBNP20251022104108.0ta110411s1999 dr a 000 p spa d aDO-SdBNPbspacBNPHUerda aspa 4aRD861.44bN714h2221 aNina, Juan B.,d1959-q(Juan Bautista)eautor4aut.10aHistoria del silencio /cJuan B. Nina. 1aSanto Domingo :bCasa Weber,c1999. a38 páginas :bilustraciones ;c21 cm. atextobtxt2rdacontent asin mediaciónbn2rdamedia avolumenbnc2rdacarrier0 aAntología de nuestra vozv60 4aPoesía dominicana 4aLiteratura dominicana.